La part d'autrui dans la formation de soi : Autonomie, Autoformation et Réciprocité en Contexte Organisationnel (notice n° 1608110)

détails MARC
000 -LEADER
fixed length control field 01098cam a2200133 4500500
005 - DATE AND TIME OF LATEST TRANSACTION
control field 20251228142253.0
041 ## - LANGUAGE CODE
Language code of text/sound track or separate title fre
042 ## - AUTHENTICATION CODE
Authentication code dc
100 10 - MAIN ENTRY--PERSONAL NAME
Personal name Eneau, Jérôme
Relator term author
245 00 - TITLE STATEMENT
Title La part d'autrui dans la formation de soi : Autonomie, Autoformation et Réciprocité en Contexte Organisationnel
260 ## - PUBLICATION, DISTRIBUTION, ETC.
Name of publisher, distributor, etc. L'Harmattan,<br/>
Date of publication, distribution, etc. 2005.<br/>
520 ## - SUMMARY, ETC.
Summary, etc. Les travaux sur la réciprocité permettent d’examiner une voie alternative d’une construction de l’autonomie «par et avec les autres«. Cette autonomisation construite dans l’interdépendance répond alors à une logique d’autoformation, individuelle et collective à la fois, qui privilégie l’échange et la coopération, au détriment de toute forme d’individualisme. La notion de réciprocité offre ainsi un moyen original de penser l’autoformation&amp;#8239;; en visant l’autonomie de tous, elle permet notamment d’intégrer l’objectif d’un apprentissage organisationnel.
856 41 - ELECTRONIC LOCATION AND ACCESS
Uniform Resource Identifier <a href="https://shs.cairn.info/la-part-dautrui-dans-la-formation-de-soi--9782747582865?lang=fr&redirect-ssocas=7080">https://shs.cairn.info/la-part-dautrui-dans-la-formation-de-soi--9782747582865?lang=fr&redirect-ssocas=7080</a>

Pas d'exemplaire disponible.

PLUDOC

PLUDOC est la plateforme unique et centralisée de gestion des bibliothèques physiques et numériques de Guinée administré par le CEDUST. Elle est la plus grande base de données de ressources documentaires pour les Étudiants, Enseignants chercheurs et Chercheurs de Guinée.

Adresse

627 919 101/664 919 101

25 boulevard du commerce
Kaloum, Conakry, Guinée

Réseaux sociaux

Powered by Netsen Group @ 2025